00767nam a22002057a 4500003000900000008004100009040007100050082002500121100002000146245004800166260005600214300002600270505015500296650001400451650001700465650001600482700001800498700002600516700001900542AR-CdUCM190228b ||||| |||| 00| 0 spa d aMUNICIPALIDAD PROVINCIAL DEL CUSCOcBIBLIOTECA MUNICIPAL DEL CUSCO 22ed.a321.07 /bIM41 aímaz, Eugenio aUtopía del renacimiento /cEugenio ímaz aMexico, D.F :bFondo de cultura económica,c1956. a235 paginas ;c21 cm. aTopia y utopía por Eugenio Ímaz -- Tomas Moro: utopía -- Tomaso Campanella: La imaginaria ciudad del sol -- Francis Bacon: Nueva Atlántida ... aUtopías aRenacimiento aRepública aMoro, Tomás aCampañella, Tommaso aBacon, Francis